|
|
|
|
| LEADER |
00770nam a2200217 a 4500 |
| 001 |
000601018 |
| 003 |
CZ BrMZK |
| 005 |
20140526145009.0 |
| 007 |
ta |
| 008 |
020517s1959 xr f cze d |
| 040 |
|
|
|a BOA001
|b cze
|c BOA001
|
| 100 |
1 |
|
|a Hejnic, Josef,
|d 1924-2019
|7 jk01040581
|4 aut
|
| 245 |
1 |
0 |
|a Náhrobky v lapidáriu Národního musea /
|c Josef Hejnic
|
| 260 |
|
|
|a Praha :
|b Národní museum,
|c 1959
|
| 300 |
|
|
|a S. 141-219 :
|b 18 tb.
|
| 490 |
1 |
|
|a Sborník Národního musea v Praze. Řada A, Historie ;
|v sv. 13, 1959, č. 4
|
| 500 |
|
|
|a Souhrn latinsky
|
| 830 |
|
0 |
|a Sborník Národního musea v Praze.
|p Historie
|
| 910 |
|
|
|a BOA001
|b 2-0460.596
|
| 990 |
|
|
|a BK
|
| 996 |
6 |
|
|b 2619200157
|c 2-0460.596
|l MZK
|r Sklad / do 24 hodin
|n 18
|w 000601018
|u 000010
|a 1
|e BOA001
|j MZK50
|s P
|